Модели анализа параметров пассажиропотока на маршруте городского транспорта: диссертация на соискание ученой степени кандидата технических наук; Спец.05.13.01

Bibliographic Details
Main Author: Огай В. С. Виктор Семенович
Corporate Author: Томский политехнический институт
Other Authors: Макаров И. П. (научный руководитель)
Language:Russian
Published: Томск, [Б. и.], 1978
Subjects:
Format: Book
KOHA link:https://koha.lib.tpu.ru/cgi-bin/koha/opac-detail.pl?biblionumber=80089

MARC

LEADER 00000nbm0a2200000 4500
001 80089
005 20231031094459.0
035 |a (RuTPU)RU\TPU\book\86087 
090 |a 80089 
100 |a 20050831d1978 k y0rusy50 ca 
101 0 |a rus 
102 |a RU 
105 |a a m 001zy 
200 1 |a Модели анализа параметров пассажиропотока на маршруте городского транспорта  |e диссертация на соискание ученой степени кандидата технических наук  |e Спец.05.13.01  |f В. С. Огай  |g Томский политехнический институт; науч. рук. И. П. Макаров 
210 |a Томск  |c [Б. и.]  |d 1978 
215 |a 154 л.  |c ил. 
320 |a Библиогр.: с. 142-150 (70 назв.) 
610 1 |a диссертации 
610 1 |a модели 
610 1 |a параметры 
610 1 |a пассажирский поток 
610 1 |a маршруты 
610 1 |a городской транспорт 
610 1 |a вычислительная техника 
610 1 |a математические методы 
610 1 |a АСУ 
610 1 |a транспортное обслуживание 
610 1 |a планирование движения 
610 1 |a анализ 
675 |a 656.1(048)  |v 3 
686 |a 05.13.01  |2 oksvnk 
700 1 |a Огай  |b В. С.  |g Виктор Семенович 
702 1 |a Макаров  |b И. П.  |4 727 
712 0 2 |a Томский политехнический институт  |2 stltpush  |3 (RuTPU)RU\TPU\col\1123 
801 1 |a RU  |b 63413507  |c 20050831  |g PSBO 
801 2 |a RU  |b 63413507  |c 20140904  |g RCR 
942 |c BK